[Event "ISR-chT 2018"]
[Site "Israel"]
[Date "2018.02.09"]
[Round "5"]
[White "Abergel, Thal"]
[Black "Zilberman, Yaacov"]
[Result "1/2-1/2"]
[WhiteElo "2452"]
[BlackElo "2369"]
[Annotator "TA"]
[PlyCount "95"]
[EventDate "2018.??.??"]
[EventType "team-tourn"]
[EventCountry "ISR"]
[SourceTitle "playchess.com"]
[Source "ChessBase"]
[SourceQuality "1"]

{[%evp 13,95,23,31,-4,25,25,27,22,25,22,44,38,39,32,40,41,65,50,59,57,55,48,58,47,58,47,46,40,36,27,41,-15,-8,-8,-8,-8,-4,-17,0,0,0,0,0,0,0,0,0,0,10,5,13,3,6,7,14,13,10,0,10,1,7,0,0,0,0,0,0,-3,-3,-12,0,0,0,0,0,0,0,0,0,0,0,0,0,0]} 1. e4 {[%cal Be2e4,Be4e5][%mdl 32]} Nf6 {[%cal Bg8f6,Bf6d5,Bd5b6][%mdl 32]} 2. e5 Nd5 3. d4 d6 4. c4 Nb6 5. exd6 exd6 6. Nc3 Be7 7. Be3 O-O {LiveBook: 88 Games} 8. Rc1 {B03: Alekhine's Defence: Four Pawns Attack} (8. Nf3 Re8 9. Be2 Be6 10. d5 Bg4 11. Qc2 Na6 12. h4 Qd7 13. Nd4 Bf6 14. O-O-O Nb4 15. Qb3 a5 16. Bxg4 Qxg4 {½-½ (29) Sengupta,D (2548)-Bauer,C (2681) Biel 2012}) 8... Re8 9. Nf3 {[%cal Bg1f3,Bf3d4,Bd4f5][%mdl 32]} Bf6 10. b3 {White has an edge.} Nc6 11. Be2 h6 $146 ({Predecessor:} 11... Bg4 12. O-O d5 13. c5 Nc8 14. h3 Bxf3 15. Bxf3 N8e7 16. g4 g6 17. Qd2 Qd7 18. Ne2 Bg7 19. Bg2 f5 20. g5 Nd8 21. Nf4 Ne6 22. Nxe6 Qxe6 23. Bf4 Nc6 24. Bxc7 Nxd4 {0-1 (39) Wisniowska,K (2011)-Koykka,P (2142) Krakow 2010}) 12. O-O Bf5 13. d5 Ne5 14. Nd4 Bh7 15. Re1 Ned7 16. Bd3 Bxd3 17. Qxd3 a6 18. Nf5 Ne5 19. Qd1 {Threatens to win with Bxb6.} Nbd7 20. Ne4 Ng6 21. Bd4 Be5 22. Qf3 (22. g3 $14) 22... Nh4 $11 {The position is equal.} 23. Nxh4 Qxh4 24. Bxe5 Rxe5 25. Re2 Rae8 {[%cal Re5e4]} 26. Rce1 Kf8 27. h3 R5e7 28. Ng3 Rxe2 29. Rxe2 Rxe2 30. Nxe2 Qf6 (30... Qe7 {is interesting.} 31. Qf5 g6 32. Qc2 h5 33. Kf1 Qf6) 31. Qxf6 Nxf6 {[%mdl 4096] Endgame KN-KN} 32. Nd4 g6 33. f3 Ke7 34. Kf2 Kd7 35. g4 c5 36. dxc6+ bxc6 37. Ke3 c5 38. Nc2 d5 39. Kd3 Kd6 40. Ne3 d4 41. Ng2 g5 42. Ne1 Nd7 43. f4 gxf4 44. Ke4 Ne5 {...f3! is the strong threat.} 45. Kxf4 Ke6 46. Ke4 a5 47. a4 f6 48. Ng2 {Precision: White = 59%, Black = 60%.} 1/2-1/2

[Event "ISR-chT 2018"]
[Site "Israel"]
[Date "2018.02.09"]
[Round "5"]
[White "Mindlin, Alon"]
[Black "Mesropov, Konstantin"]
[Result "1-0"]
[WhiteElo "2452"]
[BlackElo "2425"]
[Annotator "TA"]
[PlyCount "53"]
[EventDate "2018.??.??"]
[EventType "team-tourn"]
[EventCountry "ISR"]
[SourceTitle "playchess.com"]
[Source "ChessBase"]
[SourceQuality "1"]

{[%evp 19,53,-18,-6,-27,11,-16,37,37,33,43,37,30,36,-11,28,38,47,31,21,31,21,20,14,14,190,171,180,179,512,505,472,495,599,599,599,581]} 1. d4 Nf6 2. Nf3 e6 3. c4 c5 4. e3 d5 5. Nc3 Nc6 6. a3 a6 7. Bd3 dxc4 8. Bxc4 b5 9. Bd3 Bb7 {D40: Queen's Gambit Declined: Semi-Tarrasch with 5 e3} 10. O-O Rc8 {LiveBook: 25 Games} (10... Qc7 11. Qe2 Rd8 12. Rd1 Be7 13. dxc5 Bxc5 14. b4 Be7 15. Bb2 O-O 16. Ne4 Nxe4 17. Bxe4 {½-½ (45) Jankovic,A (2554)-Trent,L (2479) Granada 2015}) 11. h3 h6 {Black has an edge.} 12. Qe2 $146 ({Predecessor:} 12. dxc5 Bxc5 13. b4 Bd6 14. Ne4 Be7 15. Bb2 Nxb4 16. Nxf6+ Bxf6 17. Bxb5+ axb5 18. Qxd8+ Rxd8 19. Bxf6 gxf6 20. axb4 {0-1 (39) Dahale,A (2109)-Nava,R (2375) Kuala Lumpur 2013}) 12... Be7 (12... cxd4 $11 13. exd4 Be7) 13. dxc5 $1 $14 Bxc5 14. b4 Bd6 {[#] White must now prevent ...Ne5.} 15. Bb2 O-O 16. Ne4 Nxe4 (16... Ne5 $5 17. Rfd1 Nxe4 18. Bxe4 Bxe4 19. Bxe5 Rc2 $11) 17. Bxe4 Qe7 18. Rad1 {[%cal Ba1d1,Bd1d4,Bd4d5][%mdl 32]} Na5 19. Bxb7 Nxb7 20. Rd4 e5 21. Rd5 e4 $2 (21... f6 $11) 22. Nd4 $18 {[%cal Bf3d4,Bd4f5,Bf5d6,Bd6c8,Bc8e7][%mdl 32]} g6 23. Qg4 $36 {[%mdl 2048] aiming for Nf5. White is on the roll.} Kh7 $2 {[#]} (23... Rfd8 {is a better chance.} 24. f3 Qe8) 24. Nf5 $1 {[%mdl 512] White is clearly winning.} Qe6 (24... gxf5 25. Qg7#) 25. Nxd6 Qxd5 26. Nxc8 h5 27. Ne7 {Precision: White = 65%, Black = 26%.} 1-0

[Event "ISR-chT 2018"]
[Site "Israel"]
[Date "2018.02.09"]
[Round "5"]
[White "Grinberg, Eyal"]
[Black "Motenko, Dima"]
[Result "1-0"]
[WhiteElo "2451"]
[BlackElo "2150"]
[Annotator "TA"]
[PlyCount "85"]
[EventDate "2018.??.??"]
[EventType "team-tourn"]
[EventCountry "ISR"]
[SourceTitle "playchess.com"]
[Source "ChessBase"]
[SourceQuality "1"]

{[%evp 14,85,49,36,37,39,41,26,44,29,62,50,40,40,109,107,107,110,173,177,208,197,212,211,217,216,210,207,207,135,130,117,520,290,288,297,356,349,324,339,391,391,372,282,349,160,131,131,534,527,571,571,863,847,809,795,1006,554,642,569,850,602,636,635,679,595,693,663,744,593,947,575,5393,4798]} 1. e4 e6 2. d4 d5 3. Nd2 Nc6 4. Ngf3 Nf6 5. e5 Nd7 6. c4 dxc4 {C04: French Tarrasch: 3...Nc6} (6... Be7 7. Bd3 Nb4 8. Bb1 dxc4 9. Nxc4 Nb6 10. Ncd2 Bd7 11. a3 N4d5 12. O-O Ba4 13. Bc2 Qd7 14. Ne4 Bxc2 15. Qxc2 {½-½ (49) Jobava,B (2706)-Kuzubov,Y (2615) Plovdiv 2012}) 7. Nxc4 Nb6 8. a3 {LiveBook: 37 Games} Nxc4 {White is slightly better.} 9. Bxc4 Bd7 10. O-O Ne7 11. Bg5 $146 ({Predecessor:} 11. Qe2 Bc6 12. Bg5 h6 13. Bxe7 Bxe7 14. Bb5 {½-½ (27) Fries Nielsen,J (2420)-Wagenmakers,E (2240) Groningen 1994}) 11... h6 12. Bxe7 $1 Bxe7 13. d5 $36 {[%mdl 2048] White fights for an advantage.} exd5 (13... O-O $14) 14. Qxd5 $16 {[%csl Gc4][%cal Rd5f7] [#]} O-O 15. Qxb7 Rb8 (15... Qc8 $16 {was called for.} 16. Qe4 Bf5) 16. Qxa7 $18 Rb6 17. Rfd1 Qc8 18. Rac1 {Black must now prevent Bxf7+!} Bg4 19. Bd5 Rxb2 20. Rxc7 Qf5 21. Qd4 Bxa3 22. e6 Rb4 $2 {[%mdl 8192]} (22... Rb1 $16 {is a better chance.}) 23. exf7+ Kh8 24. Qe3 Rb1 25. Rxb1 Qxb1+ 26. Ne1 Bb4 27. Rc1 Qf5 28. Bb3 Bh5 {[#]} 29. Nd3 (29. Rc6 $1 $18 {[%cal Rc6h6] and the rest is easy.} Qg5 30. Qxg5 hxg5 31. Nd3) 29... Bd6 $16 30. Rc6 Ba3 $2 {[%mdl 8192]} (30... Qf6 $16 {is tougher.} 31. g3 Bxf7) 31. Ra6 $18 {White is clearly winning.} Bb4 32. Bc2 Qxf7 33. Nxb4 Re8 34. Qc3 Qf4 35. Ra1 Qg5 36. h3 Bg6 37. Bxg6 Qxg6 38. Nd5 Qg5 39. Ne3 Rb8 40. Qc7 Rf8 41. Rb1 Kh7 42. Rb8 Rf6 43. Qc2+ {Precision: White = 55%, Black = 37%.} 1-0

[Event "ISR-chT 2018"]
[Site "Israel"]
[Date "2018.02.09"]
[Round "5"]
[White "Oratovsky, Michael"]
[Black "Givon, Asaf"]
[Result "1/2-1/2"]
[WhiteElo "2438"]
[BlackElo "2467"]
[Annotator "TA"]
[PlyCount "32"]
[EventDate "2018.??.??"]
[EventType "team-tourn"]
[EventCountry "ISR"]
[SourceTitle "playchess.com"]
[Source "ChessBase"]
[SourceQuality "1"]

{[%evp 16,32,36,32,27,26,53,43,66,77,62,75,65,51,54,43,49,43,93]} 1. e4 c5 2. Nf3 e6 3. g3 Nc6 4. Bg2 Nf6 5. d3 g6 (5... d5 6. Nbd2 Be7 7. O-O O-O 8. Re1 b5 9. e5 Nd7 10. Nf1 Bb7 11. h4 Qc7 12. Bf4 Rfc8 13. Ne3 Qd8 14. Ng4 Bf8 15. Bg5 Qe8 16. c3 h6 17. Bf4 a5 18. Qd2 b4 19. c4 Ne7 20. h5 {1-0 (59) Kuzubov,Y (2699)-Grischuk,A (2772) Riadh 2017}) 6. O-O {B40: Sicilian: 2...e6, Unusual lines} Bg7 7. c3 O-O 8. Re1 d5 9. e5 {LiveBook: 3 Games} Nd7 {[%cal Rd7e5]} 10. d4 h6 $146 ({Predecessor:} 10... b5 11. Na3 cxd4 12. cxd4 b4 13. Nc2 f6 14. Bf4 fxe5 15. dxe5 {1-0 (52) Floegel,U (2345)-Sawadkuhi,M (2260) Bremen 1997}) 11. Na3 Qb6 12. Nc2 cxd4 13. cxd4 f6 {[%cal Rf6e5]} 14. exf6 {White is slightly better.} Nxf6 15. Qd3 Ne4 16. Be3 Bd7 1/2-1/2

[Event "ISR-chT 2018"]
[Site "Israel"]
[Date "2018.02.09"]
[Round "5"]
[White "Liss, Eran"]
[Black "Bar, Roman"]
[Result "1/2-1/2"]
[WhiteElo "2437"]
[BlackElo "2493"]
[Annotator "TA"]
[PlyCount "62"]
[EventDate "2018.??.??"]
[EventType "team-tourn"]
[EventCountry "ISR"]
[SourceTitle "playchess.com"]
[Source "ChessBase"]
[SourceQuality "1"]

{[%evp 18,62,17,11,15,0,0,-9,6,-28,-26,-35,-22,-20,-35,-27,-20,-29,0,0,0,-40,-23,-42,-24,-52,-25,-52,-23,-43,-41,-29,-40,-41,6,0,30,-31,18,8,21,12,140,133,128,0,0]} 1. Nf3 Nf6 2. g3 b5 3. Bg2 Bb7 4. O-O e6 5. d3 c5 6. e4 d6 7. b3 Nbd7 8. Bb2 Be7 9. Nbd2 O-O 10. Qe2 {LiveBook: 5 Games. A05: Réti Opening: 1 Nf3 Nf6} a6 (10... Qc7 11. c3 a5 12. a4 bxa4 13. bxa4 Nb6 14. e5 dxe5 15. Qxe5 Qd7 16. Qf4 Nfd5 17. Qg4 f5 {0-1 (32) Zhou,Y (2326)-Williams,S (2493) London 2010}) 11. Ne1 Qb6 $146 ({Predecessor:} 11... Rc8 12. c3 Qc7 13. Rc1 {0-1 (41) Khoo,S (1988)-Toth,S (2105) Herceg Novi 2006}) 12. Kh1 a5 13. f4 a4 14. Rb1 axb3 15. axb3 Ra2 16. g4 Ne8 17. g5 Nc7 18. Qh5 f5 19. gxf6 (19. Bxg7 {seems wilder.} Kxg7 20. Qh6+ Kf7 21. Qh5+ Kg7) 19... Bxf6 20. Bxf6 Nxf6 21. Qg5 d5 22. e5 Nfe8 23. f5 exf5 24. Rxf5 Rxf5 25. Qxf5 Qe6 (25... Ne6 {with more complications.} 26. Qg4 N8c7 27. Ndf3 d4 28. Kg1 Qa6) 26. Qf2 Qe7 27. d4 (27. b4 $11) 27... cxd4 (27... Ne6 $5 {[%cal Re6d4]}) 28. Ndf3 Ne6 29. Nxd4 Qc5 {[#]} (29... Nxd4 $11 30. Qxd4 Nc7) 30. Nef3 $1 $16 N8c7 31. Qd2 (31. Rf1 $16) 31... b4 {Precision: White = 39%, Black = 40%.} 1/2-1/2

[Event "ISR-chT 2018"]
[Site "Israel"]
[Date "2018.02.09"]
[Round "5"]
[White "Bakalchuk, Johnatan"]
[Black "Steinberg, Nitzan"]
[Result "0-1"]
[WhiteElo "2406"]
[BlackElo "2512"]
[Annotator "TA"]
[PlyCount "50"]
[EventDate "2018.??.??"]
[EventType "team-tourn"]
[EventCountry "ISR"]
[SourceTitle "playchess.com"]
[Source "ChessBase"]
[SourceQuality "1"]

{[%evp 27,50,22,52,23,34,-24,-17,-14,-25,-41,-27,-53,-62,-60,-49,-69,-62,-221,-203,-389,-383,-384,-388,-447,-352]} 1. e4 c5 2. Nf3 d6 3. d4 cxd4 4. Nxd4 Nf6 5. Nc3 a6 6. Be2 e6 7. O-O Be7 8. f4 Qc7 9. Kh1 O-O 10. a4 Nc6 11. Be3 Bd7 12. Nb3 Nb4 13. a5 Rac8 14. Bf3 Rfe8 15. Bb6 {B85: Sicilian Scheveningen: 6 Be2 a6, lines with early Be3} Qb8 $1 {[#]} 16. Qe2 $146 (16. Rf2 $14) ({Find the theoretical novelty and annotate with similar games:} 16. g4 Bc6 17. g5 Nd7 18. Be3 b5 19. Bg2 Bf8 20. Ne2 Qa8 21. Ng3 Nc5 22. Nxc5 dxc5 {1-0 (52) Nevednichy,V (2574)-Manea,A (2400) Baile Olanesti 2010}) 16... e5 $11 17. fxe5 {The position is equal.} dxe5 18. Qf2 Be6 19. Rfd1 Nd7 20. Ba7 Qc7 21. Ra4 Qc6 22. Be3 $2 {[#]} (22. Raa1 $15) 22... Nxc2 $1 $19 {[%mdl 512]} 23. Nd2 $2 ({Wrong is} 23. Qxc2 $2 {[#]} Qxa4 $1 {[%mdl 512]} 24. Nd4 Qxc2 $19) (23. Nc1 {is the only way for White.} Nxe3 24. Qxe3) 23... Nc5 24. Bxc5 Bxc5 25. Qg3 Bd4 {Precision: White = 18%, Black = 92%.} 0-1

[Event "ISR-chT 2018"]
[Site "Israel"]
[Date "2018.02.09"]
[Round "5"]
[White "Drori, Saar"]
[Black "Haimovich, Tal"]
[Result "1-0"]
[WhiteElo "2391"]
[BlackElo "2410"]
[Annotator "TA"]
[PlyCount "129"]
[EventDate "2018.??.??"]
[EventType "team-tourn"]
[EventCountry "ISR"]
[SourceTitle "playchess.com"]
[Source "ChessBase"]
[SourceQuality "1"]

{[%evp 17,129,25,43,33,39,21,8,15,22,13,15,0,0,0,9,5,16,0,25,26,34,0,0,0,0,-4,-7,-16,0,-115,-55,-46,0,0,0,0,22,22,22,22,22,26,74,74,74,74,93,103,103,96,103,104,135,143,385,376,370,377,377,342,377,355,360,365,1217,1244,1241,1240,1130,1137,1368,1316,1459,1400,1819,1774,1500,1675,1697,1710,1694,1547,1533,1523,1542,1466,1975,2145,1882,1899,2263,1217,5700,5499,4810,4382,29981,29982,29977,6087,5065,1964,29982,29983,29983,29984,29984,29985,29984,29985,29993,29988,29986,1190]} 1. e4 e5 2. Nf3 Nc6 3. Bc4 Bc5 4. c3 Bb6 5. O-O Nf6 6. d3 O-O 7. Re1 {C54: Giuoco Piano: 4 c3 Nf6, main lines with 5 d4 and 5 d3} d6 8. a4 a6 9. h3 Ne7 {LiveBook: 5 Games} 10. a5 Ba7 11. Bb3 $146 ({Find the theoretical novelty and annotate with similar games:} 11. Nbd2 Ng6 12. Nf1 c6 13. Bb3 d5 14. Ng3 Be6 15. Ng5 Bc8 {½-½ (35) Ganguly,S (2672)-Yu,Y (2738) China 2016}) 11... Ng6 12. d4 Bd7 13. Nbd2 {[%cal Bb1d2,Bd2f1,Bf1g3,Bg3f5][%mdl 32]} Bc6 14. Qc2 Qe7 15. dxe5 dxe5 16. Nf1 Rad8 17. Ng3 Rd7 18. Nf5 Qd8 19. Bg5 h6 20. N5h4 {Nxg6 is the strong threat.} Kh7 21. Nxg6 fxg6 22. Bh4 Qe8 23. Rad1 (23. Bg3 $11 {keeps the balance.}) 23... Rxd1 (23... Bxe4 $1 $17 24. Qe2 (24. Rxe4 $2 Rxd1+ 25. Qxd1 Nxe4 $19) 24... Rxd1 25. Bxd1 Bxf3 26. Qxf3 e4) 24. Qxd1 $15 Bxe4 (24... Nxe4 {NOTEXT} 25. Bd5 Rf4 26. Bxe4 Rxe4 27. Bg3 Rxe1+ 28. Qxe1 e4) 25. Bc2 $36 {[%mdl 2048] White is pushing.} Bxf3 26. Qxf3 e4 (26... c6 {NOTEXT} 27. Bg3 Bb8 28. h4 Qd8 29. h5 Kh8) 27. Bxe4 Nxe4 28. Rxe4 Qc8 29. Qe2 Bc5 30. b4 Bd6 31. Be7 Rf5 32. Bxd6 cxd6 $16 {[%mdl 4096] Endgame KQR-KQR} 33. Qe3 Qc6 34. Re8 Rg5 {[%csl Gg5][%cal Rc6g2]} 35. f3 Qd5 $2 (35... Re5 $16 36. Rxe5 dxe5) 36. Qe6 $18 Re5 37. Qxd5 Rxd5 {KR-KR} 38. Re7 Rb5 39. Rd7 d5 40. Kf2 b6 $2 (40... d4 41. Rxd4 b6 42. axb6 Rxb6) 41. Rb7 d4 42. Rxb6 Rd5 43. c4 {[%cal Bc3c4,Bc4c5][%mdl 32]} Rd7 44. Ke2 d3+ 45. Kd2 Rd4 46. c5 g5 47. c6 h5 48. c7 Rc4 49. Kxd3 Rxc7 50. Rxa6 Rd7+ 51. Ke3 Rc7 52. Kf2 Rc2+ 53. Kg3 g6 54. Rb6 Kh6 55. a6 Ra2 56. b5 h4+ 57. Kh2 g4 58. hxg4 (58. fxg4 $142 Kg5 59. Rc6 Ra5 60. b6 Rxa6 {[#]} 61. b7 $1 {[%mdl 512]} Rxc6 62. b8=Q Kf6 63. Qd8+ Ke6 64. Qxh4) 58... Kg5 59. Rd6 Ra1 60. b6 {White mates.} Rxa6 {[#]} 61. b7 $1 {[%mdl 512]} Rxd6 62. b8=Q Rd5 63. Qf8 Rd2 64. Qe7+ Kf4 65. Qe4+ {Precision: White = 83%, Black = 39%.} 1-0

[Event "ISR-chT 2018"]
[Site "Israel"]
[Date "2018.02.09"]
[Round "5"]
[White "Erenberg, Ariel"]
[Black "Iakymov, Volodymyr"]
[Result "1/2-1/2"]
[WhiteElo "2391"]
[BlackElo "2440"]
[Annotator "TA"]
[PlyCount "72"]
[EventDate "2018.??.??"]
[EventType "team-tourn"]
[EventCountry "ISR"]
[SourceTitle "playchess.com"]
[Source "ChessBase"]
[SourceQuality "1"]

{[%evp 21,72,50,77,43,57,60,72,66,78,54,56,61,76,74,59,60,66,9,17,26,33,8,0,0,20,0,70,-26,35,29,33,0,0,0,0,0,0,0,0,0,0,0,0,0,0,0,0,0,0,0,0,0,0]} 1. d4 Nf6 2. c4 d5 3. cxd5 Nxd5 4. Nf3 g6 5. e4 Nb6 6. Nc3 Bg7 7. Be3 O-O 8. Be2 Bg4 {D70: Grünfeld: Unusual White 3rd moves (met by ...d5)} 9. Rc1 Nc6 10. d5 Bxf3 11. gxf3 Ne5 {LiveBook: 3 Games} 12. b3 (12. Qb3 c6 13. f4 Ned7 14. O-O Qe8 15. a4 cxd5 {1-0 (36) Ivanchuk,V (2781)-Kamsky,G (2723) Moscow 2008}) 12... c6 $146 ({Predecessor:} 12... Ned7 13. h4 c6 14. dxc6 Rc8 15. cxd7 Rxc3 16. Rxc3 Bxc3+ {1-0 (38) Bartel,M (2653)-Mroziak,M (2306) Katowice 2016}) 13. f4 Ned7 14. dxc6 bxc6 15. e5 e6 16. h4 {[%cal Bh2h4,Bh4h5][%mdl 32]} Nd5 17. Nxd5 cxd5 18. h5 Qe7 19. Rc6 (19. Qc2 $14) 19... Qb4+ 20. Kf1 Rfc8 21. Rxc8+ Rxc8 22. Rg1 Bh6 23. Rg4 f5 (23... Qc3 $11) 24. Rh4 {[#]} (24. exf6 $1 $14 Nxf6 25. Rh4) 24... Kg7 (24... g5 $1 $11 {[%mdl 512]} 25. a3 (25. fxg5 Qxh4) 25... Qe7 26. fxg5 Bxg5 27. Bxg5 Qxg5) 25. hxg6 $14 hxg6 26. Qd4 Qxd4 {The position is equal.} 27. Bxd4 Rc1+ 28. Kg2 Rc2 29. Bb5 Nc5 30. Bxc5 Rxc5 $11 {[%mdl 4096] Endgame KRB-KRB} 31. Bd7 d4 {[#] ...d3 is the strong threat.} 32. Bxe6 {White wants to play Bc4.} d3 33. Kf3 $1 d2 34. Ke2 Bxf4 35. Rxf4 Rxe5+ 36. Kxd2 {aiming for Bc4.} Rxe6 {Precision: White = 45%, Black = 52%.} 1/2-1/2

[Event "ISR-chT 2018"]
[Site "Israel"]
[Date "2018.02.09"]
[Round "5"]
[White "Gindi, Shachar"]
[Black "Bitensky, Igor"]
[Result "1/2-1/2"]
[WhiteElo "2381"]
[BlackElo "2361"]
[Annotator "TA"]
[PlyCount "30"]
[EventDate "2018.??.??"]
[EventType "team-tourn"]
[EventCountry "ISR"]
[SourceTitle "playchess.com"]
[Source "ChessBase"]
[SourceQuality "1"]

{[%evp 15,30,49,50,34,48,43,43,26,25,8,8,10,19,0,23,17,28]} 1. e4 e5 2. Bc4 Nf6 3. d3 Nc6 4. Nf3 Be7 5. O-O O-O 6. Re1 d6 7. a4 Kh8 8. h3 {C55: Two Knights: 4 d3, 4 d4 exd4 5 e5 and Max Lange Attack} Be6 {LiveBook: 6 Games} (8... Na5 9. Ba2 c5 10. c3 Nc6 11. Na3 Be6 12. Bxe6 fxe6 13. Rb1 Rc8 14. Qe2 Qe8 15. Nc2 Nh5 {1-0 (82) Kryvoruchko,Y (2689)-Halkias,S (2571) Riadh 2017}) 9. a5 a6 10. Nbd2 {[%cal Bb1d2,Bd2f1,Bf1e3,Be3f5][%mdl 32] White is slightly better.} Qd7 11. Nf1 $146 ({Predecessor:} 11. c3 Ng8 12. d4 exd4 13. cxd4 d5 14. exd5 Bxd5 15. Bxd5 Qxd5 {0-1 (32) Tissir,M (2439)-Vajda,L (2511) Lodi 2006}) 11... Nd4 12. c3 Nxf3+ 13. Qxf3 Rad8 14. Ne3 c6 15. Nf5 d5 1/2-1/2

[Event "ISR-chT 2018"]
[Site "Israel"]
[Date "2018.02.09"]
[Round "5"]
[White "Veinberg, Nimrod"]
[Black "Moiseenko, Alexander"]
[Result "0-1"]
[WhiteElo "2364"]
[BlackElo "2660"]
[Annotator "TA"]
[PlyCount "80"]
[EventDate "2018.??.??"]
[EventType "team-tourn"]
[EventCountry "ISR"]
[SourceTitle "playchess.com"]
[Source "ChessBase"]
[SourceQuality "1"]

{[%evp 23,80,14,14,7,2,-13,-25,-63,-39,-65,-74,-97,-85,-118,-146,-133,-135,-140,33,-587,-132,-127,-87,-478,-181,-308,-279,-298,-264,-327,-204,-211,-189,-194,-87,-154,-137,-149,-127,-142,-144,-181,-187,-275,-266,-372,-243,-390,-428,-404,-389,-591,-545,-12835,-12835,-12834,-12835,-12833,-12823]} 1. d4 Nf6 2. c4 e6 3. g3 c5 4. d5 exd5 5. cxd5 d6 6. Bg2 g6 7. Nc3 Bg7 8. Nf3 O-O 9. O-O Re8 10. Re1 a6 11. a4 Nbd7 12. Bf4 {A63: Modern Benoni: Fianchetto Variation: 9...Nbd7} (12. h3 Rb8 13. Bf4 Qc7 14. a5 b5 15. axb6 Nxb6 16. Rc1 Ne4 17. Nxe4 Rxe4 18. b3 a5 19. Nd2 Rd4 20. e4 Ba6 21. Be3 Rb4 {0-1 (38) Xiong,J (2652)-Vachier Lagrave,M (2795) chess.com INT 2017}) 12... Ng4 {LiveBook: 4 Games} 13. h3 ({Reject} 13. Bxd6 Qb6 $15) 13... Nge5 14. Nxe5 $146 {The position is equal.} ({Predecessor:} 14. Nd2 Rb8 15. Nce4 Qc7 16. Qc2 b5 17. axb5 axb5 18. b4 c4 19. Nc3 Nf6 {0-1 (39) Clavijo,J (2319)-Aroshidze,L (2568) Sabadell 2012}) 14... Nxe5 15. Rc1 Rb8 16. Rb1 Bf5 17. e4 Bd7 18. Bf1 b5 19. axb5 axb5 20. b4 Qf6 $2 {[#]} (20... c4 $17 {...Nd3 is the strong threat.} 21. Rc1 Ra8) 21. Bd2 $2 {[%mdl 8192]} (21. bxc5 $14 {was the only good move.} b4 22. c6 Bxc6 23. Na2 (23. dxc6 bxc3 24. Bxe5 Qxe5 $11)) 21... c4 $2 (21... Nf3+ $19 {and Black stays clearly on top.} 22. Kg2 Nxd2 23. Qxd2 Qxc3) 22. Re3 Ra8 23. Ra1 $2 {[%mdl 8192]} (23. f4 $17 {is more resistant.} Nd3 24. Bxd3 cxd3 25. Rxd3) 23... g5 $2 (23... Rxa1 24. Qxa1 Nf3+ 25. Rxf3 Qxf3) 24. Ra2 (24. Rxa8 $142 Rxa8 25. Be2) 24... Rxa2 25. Nxa2 Ra8 26. Nc1 Qh6 27. g4 Qf6 $40 {[%mdl 128] White is in trouble.} 28. Bc3 Qd8 (28... h5 $19 {[%cal Rh5g4]} 29. gxh5 Qf4) 29. Qc2 (29. Ne2 $142) 29... Ng6 $17 30. Ne2 Bxc3 31. Qxc3 Qe7 32. Qc1 Qe5 33. Nc3 (33. Ra3 {was called for.} Rxa3 34. Qxa3) 33... Nf4 $19 34. Re1 Kg7 35. Qb2 (35. Re3 $142) 35... h5 36. gxh5 Bxh3 37. h6+ (37. Nd1 $142 Qxb2 38. Nxb2) 37... Kxh6 {Black is clearly winning.} 38. Ra1 Rxa1 39. Qxa1 Bxf1 40. Kxf1 Qd4 {Precision: White = 13%, Black = 55%.} 0-1